The case law of the International Court : (Record no. 8108)
[ view plain ]
| 000 -LEADER | |
|---|---|
| fixed length control field | 00991nam a2200241 a 4500 |
| 001 - CONTROL NUMBER | |
| control field | 8108 |
| 003 - CONTROL NUMBER IDENTIFIER | |
| rucl marc code | BD-RjUL |
| 005 - DATE AND TIME OF LATEST TRANSACTION | |
| control field | 20211208234526.0 |
| 008 - FIXED-LENGTH DATA ELEMENTS--GENERAL INFORMATION | |
| fixed length control field | 160927s1961 ne 1 0 fre d |
| 035 ## - SYSTEM CONTROL NUMBER | |
| System control number | (BD-RjUL) 8153 |
| 040 ## - CATALOGING SOURCE | |
| Original cataloging agency | NUN |
| Language of cataloging | eng |
| Transcribing agency | NUN |
| Modifying agency | NU |
| -- | BD-RjUL |
| 041 ## - LANGUAGE CODE | |
| Language code of text/sound track or separate title | eng |
| 082 ## - DEWEY DECIMAL CLASSIFICATION NUMBER | |
| Edition number | 23 |
| Classification number | 341.552 |
| Author mark and year | HAC 1961 |
| 100 1# - MAIN ENTRY--PERSONAL NAME | |
| Personal name | Hambro, Edvard, |
| Dates associated with a name | 1911- |
| 9 (RLIN) | 25278 |
| 245 14 - TITLE STATEMENT | |
| Title | The case law of the International Court : |
| Remainder of title | a repertoire of the judgments, advisory opinions and orders of the Permanent Court of International Justice and of the International Court of Justice / |
| Statement of responsibility, etc. | by E.Hambro. With a bibliography prepared by J.Douma. |
| 260 ## - PUBLICATION, DISTRIBUTION, ETC. (IMPRINT) | |
| Place of publication, distribution, etc. | Leyden : |
| Name of publisher, distributor, etc. | Sijthoff, |
| Date of publication, distribution, etc. | 1960-61 |
| 300 ## - PHYSICAL DESCRIPTION | |
| Pagination | V. ; |
| Size | 28 cm. |
| 500 ## - GENERAL NOTE | |
| General note | Includes index. |
| 505 0# - FORMATTED CONTENTS NOTE | |
| Formatted contents note | Vol.1 Until 1951 -- V. 2, 1952-1958 -- V. 3, 1947-1958 |
| 650 ## - SUBJECT ADDED ENTRY--TOPICAL TERM | |
| Topical term or geographic name as entry element | International Court of Justice. |
| 9 (RLIN) | 143410 |
| 700 1# - ADDED ENTRY--PERSONAL NAME | |
| Personal name | Douma, J. |
| 942 ## - ADDED ENTRY ELEMENTS (KOHA) | |
| Source of classification or shelving scheme | Dewey Decimal Classification |
| Koha item type | Books |
| Lost status | Source of classification or shelving scheme | Damaged status | Not for loan | Collection code | Permanent Location | Current Location | Shelving location | Date acquired | Source of acquisition | Total Checkouts | Full call number | Date last seen | Copy number | Koha item type | Cost, normal purchase price |
|---|---|---|---|---|---|---|---|---|---|---|---|---|---|---|---|
| Dewey Decimal Classification | Non-fiction | Central Library, University of Rajshahi | Central Library, University of Rajshahi | 14/02/1963 | Zeitlinger | 341.552 HAC V-1 1961 | 16/01/2014 | C-2 | Books | ||||||
| Dewey Decimal Classification | Non-fiction | Central Library, University of Rajshahi | Central Library, University of Rajshahi | Zeitlinger | 341.552 HAC V-2 1960 | 01/10/2016 | C-2 | Books | 162.00 | ||||||
| Dewey Decimal Classification | Non-fiction | Central Library, University of Rajshahi | Central Library, University of Rajshahi | 05/08/1965 | Zeitlinger | 341.552 HAC V-3 1963 | 24/11/2016 | C-3 | Books | 0.00 |